LEADER 01107nam0 22002531i 450 001 SUN0036163 005 20050512120000.0 010 $a88-14-11536-2 100 $a20050512d2004 |0itac50 ba 101 $aita 102 $aIT 105 $a|||| ||||| 200 1 $aRischio organizzativo e responsabilità degli amministratori$econtributo allo studio dell'illecito civile$fMaddalena Rabitti 210 $aMilano$cGiuffrè$dc2004 215 $aVII, 257 p.$d24 cm. 410 1$1001SUN0008851$12001 $aPubblicazioni del Dipartimento di diritto privato e comunitario$fUniversità degli studi di Roma La Sapienza$v26$1210 $aMilano$cGiuffrè. 620 $dMilano$3SUNL000284 700 1$aRabitti$b, Maddalena$3SUNV000454$0279534 712 $aGiuffrè$3SUNV001757$4650 801 $aIT$bSOL$c20181231$gRICA 912 $aSUN0036163 950 $aUFFICIO DI BIBLIOTECA DEL DIPARTIMENTO DI GIURISPRUDENZA$d00CONS IV.Ec.25 (26) $e00 27421 20050512 996 $aRischio organizzativo e responsabilità degli amministratori$9754247 997 $aUNICAMPANIA LEADER 00989nam a2200301 i 4500 001 991001323579707536 005 20020507114445.0 008 960521s1976 us ||| | eng 035 $ab10204696-39ule_inst 035 $aLE00645859$9ExL 040 $aDip.to Fisica$bita 084 $a53(082.2) 084 $a53.0.64 084 $a53.2.4 084 $a53.2.63 084 $a535'.84 084 $aQC454.H618 100 1 $aSmith, Ralph J.$0331456 245 10$aVery high resolution spectroscopy /$cRalph J. Smith 260 $aNew York :$bAcademic Press, Inc.,$c1976 300 $axvi, 276 p. :$bill. ;$c24 cm. 650 4$aHigh resolution spectroscopy 907 $a.b10204696$b21-09-06$c27-06-02 912 $a991001323579707536 945 $aLE006 53.0.64 SMI$g1$i2006000009249$lle006$o-$pE0.00$q-$rl$s- $t0$u0$v0$w0$x0$y.i10252824$z27-06-02 996 $aVery high resolution spectroscopy$9192251 997 $aUNISALENTO 998 $ale006$b01-01-96$cm$da $e-$feng$gus $h0$i1